000 00772nam a2200253 i 4500
001 bg
100 1 _aJAŚKOWSKA, Anna
245 1 0 _aZadania do ćwiczeń rachunkowych z fizyki. /
_cAnna Jaśkowska, Jerzy Meldizon ; Politechnika Lubelska
_nCz. 1.
260 _aLublin :
_bWydawnictwa Uczelniane PL,
_c1997.
300 _a153 s. :
_brys. ;
_c24 cm.
650 9 _aFizyka
650 9 _aWektory
_xstosowanie
_xfizyka
655 _aĆwiczenia i zadania
700 1 _aMELDIZON, Jerzy
711 2 _aPolitechnika Lubelska (Lublin)
_eInst. sprawcza
020 _a8387270318 (cz. 1)
040 _cBPK
041 0 _apl
041 0 _apol
080 _a53:514.7](075.8)(076)
920 _a83-87270-31-8 (cz. 1)
942 _cKS
008 s pl f |000 0 pol
999 _c32632
_d32632
856 _uhttp://koha.tu.koszalin.pl/cgi-bin/koha/opac-detail.pl?biblionumber=32632
_yKatalog online BPK